000 00713nam a22001457a 4500
008 090806t xxu||||| |||| 00| 0 eng d
082 _a614.42
_bش ر ف
245 _aالبيئة وصحة الانسان فى الجغرافيا الطبية/
_cتاليف عبد العزيز طريح شرف
260 _aالاسكندرية:
_bمركز الاسكندرية للكتاب،
_c2004
300 _a424 ؛ ص
_c22 سم
504 _aببليوجرافية ص416-424
650 _98381
_aالجغرافيا الطبية
942 _2ddc
_cBB
999 _c12547
_d12547